Δίκαιο τεχνολογίας & καινοτομίας

Αποθηκεύτηκε σε:
Λεπτομέρειες βιβλιογραφικής εγγραφής
Κύριος συγγραφέας: Βελέντζας, Ιωάννης Ε., 1961-
Μορφή: Βιβλίο
Γλώσσα:Greek
Δημοσίευση: Θεσσαλονίκη : [χ.ό.], c2014.
Έκδοση:Νέα έκδ.
Θέματα:
Ετικέτες: Προσθήκη ετικέτας
Δεν υπάρχουν, Καταχωρήστε ετικέτα πρώτοι!

MARC

LEADER 00000cam a2200000 i 4500
001 1/63982
008 150116s2014 gr | ||| |||| ||gre||
020 |a 9786188077027 
035 |l 10120507 
040 |a GR-MyUa  |b gre  |e AACR2 
041 0 |a gre 
082 7 |a 343.09944   |2 (23) 
100 1 |a Βελέντζας, Ιωάννης Ε.,   |d 1961- 
245 1 0 |a Δίκαιο τεχνολογίας & καινοτομίας /   |c Γιάννης Ε. Βελέντζας. 
250 |a Νέα έκδ. 
260 |a Θεσσαλονίκη :   |b [χ.ό.],   |c c2014. 
300 |a 1000 σ. ;   |c 24 εκ. 
504 |a Περιλαμβάνει βιβλιογραφίες. 
505 8 |a Ηλεκτρονικό δίκαιο, δίκαιο προστασίας καταναλωτή, προστασία δεδομένων προσωπικού χαρακτήρα, διανοητική ιδιοκτησία 
650 0 |a Internet  |x Law and legislation. 
650 0 |a Electronic data interchange  |x Law and legislation  |z Greece. 
650 0 |a Consumer protection  |x Law and legislation. 
650 0 |a Intellectual property  |z Greece. 
650 0 |a Technological innovations  |x Law and legislation  |z Greece. 
852 |a INST  |b SYROS  |c EUDOXUS  |e 20150116  |h 343.09944 ΒΕΛ  |p 005500012235  |q 005500012235  |t EDX  |y 0 
901 |a BIBL5-2015-1 
920 |a Εύδοξος  |b Παραγγελία  |y Σύρος-ΤΜΣΠΣ  |z 2014-12 
970 |a Κοντού  |b Παρασκευή  |z 2015/01/16